000
00246nam a2200097Ia 4500
005
20251222114354.0
008
251222s1900||||xx |||||||||||||| ||spa||
082
_a
DVD0090/G36/2000
245
0
_a
Guanaco: el camello salvaje de los andes:
942
_c
DVD
999
_c
1369
_d
1369